| 000 | 00330nam a22001217a 4500 | ||
|---|---|---|---|
| 005 | 20251108175431.0 | ||
| 008 | 250721s1984 xx 000 0 eng d | ||
| 100 | 1 |
_adavis jr, donald _eEd. |
|
| 245 | 1 | 4 | _athe journal of library history / |
| 264 | 1 |
_alondon : _blibrary history group, _c1984. |
|
| 942 |
_2ddc _cBK |
||
| 999 |
_c133992 _d133992 |
||